Prípad intoxikácie oviec senážou

Bibliographic Details
Main Authors: Brešťanský, Ivan (Author), Trávniček, M. (Author), Andraško, Hilár, 1931-1999 (Author)
Format: Article
Language:Slovak
Subjects:

MARC

LEADER 00000nab a2200000 a 4500
001 vtls000266504
003 SK-MaSNL
005 20260328121959.0
008 220422c1986 xo 0 slo
015 |a SNBRB19rr/mm-uuuuu 
035 |a CL0276618 
040 |a SNKBUCL  |b slo  |c SNKBUCL  |e AACR2 
041 0 |a slo 
044 |a xo  |c SK 
080 |a 636.32/.38.085.52  |2 1981 
080 |a 636.32/.38.085.1  |2 1981 
080 |a 619  |2 1981 
080 |a 616.9  |2 1981 
100 1 |a Brešťanský, Ivan  |4 aut  |9 71607 
245 1 0 |a Prípad intoxikácie oviec senážou  |c I. Brešťanský, M. Trávniček, H. Andraško 
650 0 7 |a choroby zvierat bakteriálne  |2 snkbucl  |9 941427 
650 0 7 |a ovce  |2 snkbucl  |9 14971 
651 7 |a 5407  |2 snkbucl  |9 893769 
655 7 |a články z novín a časopisov  |2 snkbucl  |9 267496 
700 1 |a Trávniček, M.  |4 aut  |9 765568 
700 1 |a Andraško, Hilár,   |d 1931-1999  |4 aut  |9 1635777 
773 0 |t Spravodaj Vedecko-výrobného združenia pre chov oviec v SSR  |g Roč. 8, č. 1 (1986), s. 7-9 
850 |a Slovenská národná knižnica v Martine  |a MTA001 
852 |a SNK  |b KIS3GCP 
958 |a RK 
958 |a ME 
992 |a RBX 
999 |c 1497331  |d 1499261